[Event "Leutersdorf Muench Braeu op 11th"]
[Site "Leutersdorf"]
[Date "2006.02.16"]
[Round "7"]
[White "Breuer, Andre"]
[Black "Schiwarth, Marcel"]
[Result "0-1"]
[WhiteElo "1956"]
[BlackElo "1996"]
[PlyCount "98"]
[EventDate "2006.02.11"]
[EventType "swiss"]
[EventRounds "9"]
[EventCountry "GER"]
[SourceTitle "CBM 110 Extra"]
[Source "ChessBase"]
[SourceDate "2006.03.10"]
[SourceVersion "2"]
[SourceVersionDate "2006.03.10"]
[SourceQuality "1"]

1. e4 e5 2. Nc3 Nf6 3. f4 d5 4. fxe5 Nxe4 5. Nf3 Be7 6. Qe2 Bh4+ 7. Nxh4 Qxh4+ 8. g3 Nxg3 9. Qf2 d4 10. Qxg3 Qxg3+ 11. hxg3 dxc3 12. bxc3 Be6 13. Bg2 c6 14. Ba3 Nd7 15. Bd6 0-0-0 16. 0-0 Rde8 17. Rfb1 Bf5 18. d4 Bxc2 19. Rb2 Bf5 20. c4 h5 21. Rf1 Bg6 22. Bh3 h4 23. Bxd7+ Kxd7 24. Rxb7+ Ke6 25. g4 Rh7 26. Rc7 h3 27. Kh2 Bd3 28. d5+ cxd5 29. cxd5+ Kxd5 30. Rd1 Ke4 31. Rxa7 Rc8 32. Ra4+ Ke3 33. Ra3 Rc2+ 34. Kh1 Rd2 35. Rxd2 Kxd2 36. Kh2 Rh4 37. Ra7 Bc4 38. a4 Rxg4 39. Kxh3 Be6 40. Kh2 Rh4+ 41. Kg3 g5 42. a5 Ke2 43. Rc7 Rh3+ 44. Kg2 g4 45. Rc2+ Kd3 46. Rc5 Bf5 47. Rb5 Be4+ 48. Kg1 g3 49. Rb3+ Kc2 0-1